| 000 | 00451nam a2200121Ia 4500 | ||
|---|---|---|---|
| 008 | 231221s9999 xx 000 0 und d | ||
| 041 | _aEnglish | ||
| 082 | _aQPMBBSUG07-1751 | ||
| 245 | 0 | _aGeneral Medicine Paper-II/Part-II [e resource : question paper] : Final MBBS degree exam, Apr/May 2007 (513-A) | |
| 260 |
_c2007/05 _bNTRU _aAndra Pradesh |
||
| 650 | _aMedicine,Paper-II/Part-II,[e,:,paper],:,Final,MBBS,exam,,Apr/May,2007,(513-A) | ||
| 942 | _cDL | ||
| 999 |
_c205624 _d205624 |
||